WHAT I DID NOT LEARN AT IIT (Record no. 14667)

MARC details
000 -LEADER
fixed length control field 00339nam a22001457a 4500
003 - CONTROL NUMBER IDENTIFIER
control field SGT
020 ## - INTERNATIONAL STANDARD BOOK NUMBER
International Standard Book Number 978-81-84004861
082 ## - DEWEY DECIMAL CLASSIFICATION NUMBER
Classification number 604.2
Item number AGA
100 ## - MAIN ENTRY--PERSONAL NAME
Personal name AGARWAL,RAJEEV
245 ## - TITLE STATEMENT
Title WHAT I DID NOT LEARN AT IIT
260 ## - PUBLICATION, DISTRIBUTION, ETC. (IMPRINT)
Place of publication, distribution, etc NOIDA(U.P)
Name of publisher, distributor, etc RANDOM HOUSE INDIA
Year of Publication 2013
300 ## - PAGE DESCRIPTION
No. of Pages 194
650 ## - SUBJECT ADDED ENTRY--TOPICAL TERM
Topical term or geographic name as entry element COMPUTER ENGINEERING
942 ## - ADDED ENTRY ELEMENTS (KOHA)
Source of classification or shelving scheme Dewey Decimal Classification
Koha item type Books
Holdings
Withdrawn status Lost status Source of classification or shelving scheme Damaged status Not for loan Collection code Home library Current library Shelving location Date acquired SGTU Total Checkouts Full call number Accession No. (Barcode) Date last seen Bill Date Koha item type
    Dewey Decimal Classification     ENGINEERING SGT Engineering Library SGT Engineering Library Text Book 23/01/2018 SGTU   604.2 AGA FE7049 23/01/2018 23/01/2018 Books